Folklore da cinque continenti (Record no. 99683)

MARC details
000 -LEADER
fixed length control field 02406njm a2200397Ia 4500
001 - CONTROL NUMBER
control field 27448
003 - CONTROL NUMBER IDENTIFIER
control field IT-RoPAU
005 - DATE AND TIME OF LATEST TRANSACTION
control field 20220918181120.0
008 - FIXED-LENGTH DATA ELEMENTS--GENERAL INFORMATION
fixed length control field 131025s9999 xx 000 0 und d
040 ## - CATALOGING SOURCE
Original cataloging agency IT-RoPAU
040 ## - CATALOGING SOURCE
Transcribing agency IT-RoPAU
999 ## - SYSTEM CONTROL NUMBERS (KOHA)
Koha Dewey Subclass [OBSOLETE] n.d.
100 ## - MAIN ENTRY--PERSONAL NAME
Personal name AA.VV.
9 (RLIN) 794
100 ## - MAIN ENTRY--PERSONAL NAME
Relator term Autore musica
9 (RLIN) 18102
100 ## - MAIN ENTRY--PERSONAL NAME
Miscellaneous information Codice autore musica SPICS: 12000
9 (RLIN) 796
245 ## - TITLE STATEMENT
Title Folklore da cinque continenti
250 ## - EDITION STATEMENT
Edition statement 1a ed.
260 ## - PUBLICATION, DISTRIBUTION, ETC. (IMPRINT)
Place of publication, distribution, etc. ALBANO
260 ## - PUBLICATION, DISTRIBUTION, ETC. (IMPRINT)
Name of publisher, distributor, etc. EP - MUSICALI E DISCOGRAFICHE
300 ## - PHYSICAL DESCRIPTION
Extent DISCO
500 ## - GENERAL NOTE
General note Musica folk. Brani di folklore internazionale eseguiti in veste moderna da noti complessi che si ascoltano giornalmente nei programmi della radio italiana e di radio straniere
505 ## - FORMATTED CONTENTS NOTE
Formatted contents note The Accordeon From Formosa (Assenza Sal) - Luci di Tokio (Montzel Joseph) - Scherzo scozzese (Montzel Joseph) - Malumba - Caravan Beat - West Ride (De Gemini Franco) - Constellation (Saracino Pino) - Organ Hard (Montzel Joseph) - Music Bag (Monti Elvio) - Parintintin (Monti Elvio) - Rivediamoci (Saracino Pino) - Trumpet Shake (Saracino Pino) - Ma che m'importa - Out of the Sky (Assenza Sal)
650 ## - SUBJECT ADDED ENTRY--TOPICAL TERM
Topical term or geographic name as entry element FOLK [DISCHI]
Relator term Codice MATERIA SPICS: 9950
9 (RLIN) 1209
700 ## - ADDED ENTRY--PERSONAL NAME
Personal name Assenza Sal
Dates associated with a name Codice autore musica SPICS: 28293
Relator term Autore musica
Name of part/section of a work The Accordeon From Formosa - Ma che m'importa - Out of the Sky
9 (RLIN) 18103
700 ## - ADDED ENTRY--PERSONAL NAME
Personal name Ferrini C.
Dates associated with a name Codice autore musica SPICS: 28294
Relator term Autore musica
Name of part/section of a work Luci di Tokio
9 (RLIN) 18104
700 ## - ADDED ENTRY--PERSONAL NAME
Personal name Montzel Joseph
Dates associated with a name Codice autore musica SPICS: 11029
Relator term Autore musica
Name of part/section of a work Scherzo scozzese - Parintintin
9 (RLIN) 18105
700 ## - ADDED ENTRY--PERSONAL NAME
Personal name Tiagran
Dates associated with a name Codice autore SPICS: 28295
Relator term Autore
Name of part/section of a work Scherzo scozzese - Parintintin
9 (RLIN) 18106
700 ## - ADDED ENTRY--PERSONAL NAME
Personal name Surace D.
Dates associated with a name Codice autore musica SPICS: 22538
Relator term Autore musica
Name of part/section of a work Malumba - Caravan Beat - Music Bag - Rivediamoci
9 (RLIN) 18107
700 ## - ADDED ENTRY--PERSONAL NAME
Personal name Pelleus
Dates associated with a name Codice autore musica SPICS: 24144
Relator term Autore musica
Name of part/section of a work West Ride - Trumpet Shake - Ma che m'importa
9 (RLIN) 18108
700 ## - ADDED ENTRY--PERSONAL NAME
Personal name Raspanti M.
Dates associated with a name Codice autore musica SPICS: 14383
Relator term Autore musica
Name of part/section of a work Constellation
9 (RLIN) 18109
700 ## - ADDED ENTRY--PERSONAL NAME
Personal name Monti Elvio
Dates associated with a name Codice autore musica SPICS: 11030
Relator term Autore musica
Name of part/section of a work Music Bag
9 (RLIN) 18110
700 ## - ADDED ENTRY--PERSONAL NAME
Personal name Cambi
Dates associated with a name Codice autore SPICS: 28299
Relator term Autore
Name of part/section of a work Rivediamoci
9 (RLIN) 18111
700 ## - ADDED ENTRY--PERSONAL NAME
Personal name Ricca
Dates associated with a name Codice autore SPICS: 28300
Relator term Autore
Name of part/section of a work Out of the Sky
9 (RLIN) 18112
700 ## - ADDED ENTRY--PERSONAL NAME
Personal name Denny
Dates associated with a name Codice autore testo/musica SPICS: 28301
Relator term Autore testo/musica
Name of part/section of a work Out of the Sky
9 (RLIN) 18113
942 ## - ADDED ENTRY ELEMENTS (KOHA)
Koha item type DISCHI
Source of classification or shelving scheme Dewey Decimal Classification
Holdings
Withdrawn status Lost status Damaged status Not for loan Home library Current library Date acquired Total Checkouts Full call number Date last seen Price effective from Koha item type Public note
    Buone Condizioni Not For Loan SPICS-MEDIATECA SPICS-MEDIATECA 25/10/2013   27448 25/10/2013 25/10/2013 DISCHI Progr. Ins.: 7005 / N.Vol.: 1 / Copie: 1 - Copia rara: n.d. / date import: 01.01.2014 - By Epidotti, Trombetti, Vaglietti
CREDITS: SOCIETA' SAN PAOLO Via A.Severo, 58 - ROMA (RM) & PERIODICI SAN PAOLO SRL Via Giotto, 36 MILANO & CISF Via Giotto, 36 MILANO & EDIZIONI SAN PAOLO SRL,  Piazza Soncino, 5 CINISELLO BALSAMO (MI) -- ITALY